Indira Gandhi, (Record no. 73192)

MARC details
000 -LEADER
fixed length control field 00551cam a22002051 4500
001 - CONTROL NUMBER
control field sa 67002307
003 - CONTROL NUMBER IDENTIFIER
control field DLC
005 - DATE AND TIME OF LATEST TRANSACTION
control field 20260227112330.0
008 - FIXED-LENGTH DATA ELEMENTS--GENERAL INFORMATION
fixed length control field 820921s1966 ii ac 000 0beng
010 ## - LIBRARY OF CONGRESS CONTROL NUMBER
LC control number sa 67002307
035 ## - SYSTEM CONTROL NUMBER
System control number (OCoLC)8793725
040 ## - CATALOGING SOURCE
Original cataloging agency DLC
Transcribing agency MoU
Modifying agency OCoLC
-- DLC
042 ## - AUTHENTICATION CODE
Authentication code premarc
050 00 - LIBRARY OF CONGRESS CALL NUMBER
Classification number DS481.G23
Item number D4
100 1# - MAIN ENTRY--PERSONAL NAME
Personal name Desai, B. K.
245 00 - TITLE STATEMENT
Title Indira Gandhi,
Remainder of title call to greatness.
260 ## - PUBLICATION, DISTRIBUTION, ETC.
Place of publication, distribution, etc. Bombay,
Name of publisher, distributor, etc. Popular Prakashan
Date of publication, distribution, etc. [1966]
300 ## - PHYSICAL DESCRIPTION
Extent 117 p.
Other physical details illus., ports.
Dimensions 18 cm.
600 10 - SUBJECT ADDED ENTRY--PERSONAL NAME
Personal name Gandhi, Indira,
Dates associated with a name 1917-1984.

No items available.

Powered by Koha